[Event "Utrecht OKU op-B"]
[Site "Utrecht"]
[Date "2000.05.21"]
[Round "5"]
[White "De Kruijf, Cornelius"]
[Black "Geurtsen, Rene"]
[Result "1-0"]
[WhiteElo "1848"]
[BlackElo "1604"]
[PlyCount "41"]
[EventDate "2000.05.??"]
[EventType "swiss"]
[EventRounds "6"]
[EventCountry "NED"]
[SourceTitle "EXT 2002"]
[Source "ChessBase"]
[SourceDate "2001.11.25"]
[SourceVersion "1"]
[SourceVersionDate "2001.11.25"]
[SourceQuality "1"]

1. e4 e5 2. Nf3 Nc6 3. Bc4 Nf6 4. Ng5 Bc5 5. Bxf7+ Ke7 6. Bd5 Rf8 7. 0-0 d6 8. h3 Qe8 9. Bxc6 bxc6 10. d3 Qg6 11. Kh2 h6 12. Nf3 Nh5 13. d4 exd4 14. Nxd4 Rxf2 15. Rxf2 Qg3+ 16. Kg1 Bxh3 17. Qxh5 Be6 18. Bf4 Qg4 19. Qxg4 Bxg4 20. Be3 Be6 21. Nxc6+ 1-0